History Quiz

Random History or Clickable Quiz

Who said it? Quiz Stats

 Plays Quiz not verified by Sporcle

Score 0/21 Timer 04:00
0 Plays Today
% Correct
Armstrong, Neil
94.9%
Caesar, Julius
92.6%
Kennedy, John
88.1%
Ford, Henry
84.7%
Johnson, Lyndon
81.8%
Lincoln, Abraham
76.1%
Swigert, John
75.6%
Descartes, René
69.9%
Cromwell, Oliver
67.6%
Booth, John Wilkes
67.6%
Thatcher, Margaret
66.5%
% Correct
Churchill, Winston
63.6%
Galilei, Galileo
50.6%
Newton, Isaac
50%
McAuliffe, General Anthony
46.6%
Henry VIII
46.6%
Nelson, Horatio
39.8%
Elizabeth I
36.9%
Disraeli, Benjamin
36.4%
Wellington, Duke of
26.7%
Hitler, Adolf
26.1%

You're not logged in!

Compare scores with friends on all Sporcle quizzes.
OR
Log In

Show Comments

Extras

Created Nov 19, 2012ReportNominate
Tags:Clickable Quiz, person

Top Quizzes Today


Score Distribution

Your Account Isn't Verified!

In order to create a playlist on Sporcle, you need to verify the email address you used during registration. Go to your Sporcle Settings to finish the process.

Report this User

Report this user for behavior that violates our Community Guidelines.

Details: